Prečo musím byť v zime a ťahať sane?

Bibliographic Details
Main Author: Kúdelová, Kristína, 1977- (Author, Interviewer)
Format: Article
Language:Slovak
PhysicalDescription:Fotogr.
ISSN:1335-440X
Subjects:

MARC

LEADER 00000nab a2200000 a 4500
001 vtls009178277
003 SK-MaSNL
005 20260303172050.0
008 140512c20071023xo dr|p|||||||000 b|slo
015 |a SNBRB2008/01  |2 snkbucl 
040 |a SNKBUCL  |b slo  |c SNKBUCL  |e AACR2 
041 0 |a slo 
044 |a xo  |c SK 
080 |a 910.4-051  |2 2001 
080 |a 791.633.071.2  |2 2001 
100 1 |a Kúdelová, Kristína,  |d 1977-  |4 ivr  |4 aut  |9 213312 
245 1 0 |a Prečo musím byť v zime a ťahať sane?  |c Kristína Kúdelová, Pavol Barabáš 
300 |b Fotogr. 
500 |a Od 15.1.2007 návrat k pôvodnému vročeniu 
600 1 7 |a Barabáš, Pavol,  |d 1959-  |2 snkbucl  |9 188561 
700 1 |a Barabáš, Pavol,  |d 1959-  |4 ive  |9 188561 
773 0 |t Sme  |g Roč. 15, č. 244 (23.10.2007)  |x 1335-440X 
773 0 8 |t Kultúra  |g S. [21] 
852 |a SNK  |b KIS3GCP 
958 |a SK 
999 |c 2084739  |d 2086669